000 00463nam a2200169Ia 4500
008 231217s9999 xx 000 0 und d
020 _a981-240-239-X
041 _aEnglish
082 _a659.2 NEW
100 _aNewsom, Doug Turk, Judy Vanslyke Kruckeberg, Dean
245 0 _aThis is PR: The realities of public relations
250 _a7th ed.
260 _c2000
_bWadsworth
_aAustralia
300 _axvii+553
650 _aPublic relations
942 _cAA
999 _c177001
_d177001